SCADA systém pre laboratórny model továrne s využitím nástroja Node-RED

Saved in:
Bibliographic Details
Main Author: Červenka, Dávid (Author)
Other Authors: Cigánek, Ján (Thesis advisor)
Format: Manuscript Book
Language:Slovak
Published: 2025
Subjects:
Online Access:http://is.stuba.sk/zp/portal_zp.pl?podrobnosti=184448
Tags: Add Tag
No Tags, Be the first to tag this record!

MARC

LEADER 00000ntm a22000003a 4500
001 stuzp103931
003 SK-STU
005 20250614212409.3
007 ta
008 150427s2015----xo-----f-mn---000-0-slo-d
040 |a STU  |b slo 
041 0 |a slo 
100 1 |a Červenka, Dávid  |u 030400  |4 aut  |U FEI Fakulta elektrotechniky a informatiky  |T FEI Ústav automobilovej mechatroniky  |X 110995  |U E400  |Y 642  |7 110995 
242 0 1 |a SCADA system for laboratory model of a factory using Node-RED tool  |y eng 
245 1 0 |a SCADA systém pre laboratórny model továrne s využitím nástroja Node-RED 
260 |c 2025 
650 4 |a cloud database  |2 eng 
650 4 |a Fischertechnik  |2 eng 
650 4 |a visualization  |2 eng 
650 4 |a TIA Portal  |2 eng 
650 4 |a PLC  |2 eng 
650 4 |a Node-RED  |2 eng 
650 4 |a SCADA  |2 eng 
650 4 |a cloudová databáza  |2 slo 
650 4 |a Fischertechnik  |2 slo 
650 4 |a vizualizácia  |2 slo 
650 4 |a PLC  |2 slo 
650 4 |a Node-RED  |2 slo 
650 4 |a SCADA  |2 slo 
650 4 |a TIA Portal  |2 slo 
700 1 |a Cigánek, Ján  |u 030400  |k Z1  |4 ths  |U FEI Fakulta elektrotechniky a informatiky  |T FEI Ústav automobilovej mechatroniky  |X 10327  |U E400  |Y 642  |7 10327 
856 4 |u http://is.stuba.sk/zp/portal_zp.pl?podrobnosti=184448